| 000 | 01896nam a22003494a 4500 | ||
|---|---|---|---|
| 001 | ebr10232941 | ||
| 003 | CaPaEBR | ||
| 006 | m u | ||
| 007 | cr cn||||||||| | ||
| 008 | 071018s2008 enk sb 001 0 eng | ||
| 010 | _z 2007043601 | ||
| 016 | 7 |
_z101319011 _2DNLM |
|
| 020 | _z9780470517314 (cloth : alk. paper) | ||
| 020 | _z047051731X (cloth : alk. paper) | ||
| 040 |
_aCaPaEBR _cCaPaEBR |
||
| 035 | _a(OCoLC)608622746 | ||
| 050 | 1 | 4 |
_aRJ380 _b.H494 2008eb |
| 082 | 0 | 4 |
_a618.92 _222 |
| 100 | 1 | _aHewitt-Taylor, Jaqui. | |
| 245 | 1 | 0 |
_aProviding support at home for children and young people who have complex health needs _h[electronic resource] / _cJaqui Hewitt-Taylor. |
| 260 |
_aChichester, England ; _aHoboken, NJ : _bJohn Wiley & Sons, _cc2008. |
||
| 300 | _ax, 203 p. | ||
| 504 | _aIncludes bibliographical references (p. [185]-197) and index. | ||
| 505 | 0 | _aChildren and young people who have complex and continuing health needs -- Putting the child or young person first -- The child or young person as a part of the family -- Working with parents -- Working in the family home -- Supporting young people -- Grief, loss and bereavement -- Choices and rights -- Ethical issues involved in supporting children, young people and their families -- Organisational issues -- Working with children, young people and their families. | |
| 533 |
_aElectronic reproduction. _bPalo Alto, Calif. : _cebrary, _d2013. _nAvailable via World Wide Web. _nAccess may be limited to ebrary affiliated libraries. |
||
| 650 | 0 |
_aChronically ill children _xHome care. |
|
| 650 | 0 |
_aChildren with disabilities _xHome care. |
|
| 650 | 0 |
_aYoung adults with disabilities _xHome care. |
|
| 655 | 7 |
_aElectronic books. _2local |
|
| 710 | 2 | _aebrary, Inc. | |
| 856 | 4 | 0 |
_uhttp://site.ebrary.com/lib/rucke/Doc?id=10232941 _zAn electronic book accessible through the World Wide Web; click to view |
| 999 |
_c152212 _d152212 |
||